Search the Library Catalogue
| 000 -LEADER | |
|---|---|
| fixed length control field | 00583nam a2200193 a 4500 |
| 008 - FIXED-LENGTH DATA ELEMENTS--GENERAL INFORMATION | |
| fixed length control field | 260220s1998##################000#0#eng## |
| 020 ## - INTERNATIONAL STANDARD BOOK NUMBER | |
| ISBN | 9783540634393 |
| 082 04 - DEWEY DECIMAL CLASSIFICATION NUMBER | |
| Classification number | 338.064 |
| Item number | WEL |
| 100 1# - MAIN ENTRY--AUTHOR NAME | |
| Personal name | Welfens, Paul J.J., |
| 245 10 - TITLE STATEMENT | |
| Title | Technological Competition, Employment and Innovation Policies in OECD Countries : |
| 260 ## - PUBLICATION, DISTRIBUTION, ETC. (IMPRINT) | |
| Name of publisher | Springer Science & Business Media, |
| Year of publication | 1998. |
| 300 ## - PHYSICAL DESCRIPTION | |
| Number of Pages | 244 pages |
| 650 #0 - SUBJECT ADDED ENTRY--TOPICAL TERM | |
| Topical Term | Business & Economics. |
| 942 ## - ADDED ENTRY ELEMENTS (KOHA) | |
| Koha item type | English Books |
No items available.